ბათუმის შოთა რუსთაველის სახელმწიფო უნივერსიტეტის ბიბლიოთეკა

ცხრაუღელა (ბიბ.ჩანაწერი № 48830)

000 -LEADER
fixed length control field 01411nam a2200229Ia 4500
001 - CONTROL NUMBER
control field 15732
003 - CONTROL NUMBER IDENTIFIER
control field GE_BSU
008 - FIXED-LENGTH DATA ELEMENTS--GENERAL INFORMATION
fixed length control field 181216s||||||||xx |||||||||||||| ||und||
040 ## - CATALOGING SOURCE
Transcribing agency GE_BSU
080 ## - UNIVERSAL DECIMAL CLASSIFICATION NUMBER
Universal Decimal Classification number 821.353.1-32
100 ## - MAIN ENTRY--PERSONAL NAME
Personal name ხორგუაშვილი, გიორგი
245 ## - TITLE STATEMENT
Title ცხრაუღელა
245 ## - TITLE STATEMENT
Remainder of title მოთხრობები
245 ## - TITLE STATEMENT
Statement of responsibility, etc. რედ.ნ.იაშვილი. მხ. ტ.შეყილაძე
260 ## - PUBLICATION, DISTRIBUTION, ETC.
Place of publication, distribution, etc. თბილისი
260 ## - PUBLICATION, DISTRIBUTION, ETC.
Name of publisher, distributor, etc. საბჭ. საქართველო
260 ## - PUBLICATION, DISTRIBUTION, ETC.
Date of publication, distribution, etc. 1984
300 ## - PHYSICAL DESCRIPTION
Extent 552გვ. ; 21სმ
653 ## - INDEX TERM--UNCONTROLLED
Uncontrolled term ატენური; დეზდემონას სიკვდილი; საუკუნო სასჯელი; ხარის გაგიჟება; ბერძნული თამაში; კნაპე; ცოცხალი სულები; აჩრდილები; არამკითხე ჭირისუფალი; ცხრაუღელა; ძუძუსხატი
653 ## - INDEX TERM--UNCONTROLLED
Uncontrolled term მაღალი ღმერთი; ძია შიოს უცნაურობანი; ალავერდი; სიცილი უცინარისა; აღსასრულის ჟამს; ოცდაათი ვერცხლი; უთქმელი სადღეგრძელო; ზედაშე
942 ## - ADDED ENTRY ELEMENTS (KOHA)
Koha item type წიგნი
ეგზემპლარები
Withdrawn status Lost status Damaged status Not for loan Date acquired Barcode Date last seen Price effective from Koha item type
        2018-12-17 39390 2018-12-17 2018-12-17 წიგნი